| 000 | 00541nam a22001817a 4500 | ||
|---|---|---|---|
| 003 | BUBTL | ||
| 008 | 180908b xxu||||| |||| 00| 0 eng d | ||
| 020 | _a9971-905-43-4 | ||
| 082 | _a343.5492HOM | ||
| 100 |
_92004 _aHoque, Abu Nasr Md Gaziul |
||
| 245 |
_aMass Media Laws And Regulations In Bangladesh/ _cAbu Nasr Md Gaziul Hoque |
||
| 260 |
_aSingapore : _bAsian Mass Communication, _cc1992. |
||
| 300 |
_aix,250 p. : _c21 cm. |
||
| 650 | 0 |
_926 _aLaw |
|
| 856 |
_k0 _l0 _yDownload |
||
| 942 |
_2ddc _cBK |
||
| 999 |
_c5784 _d5784 |
||